<?xml version="1.0" encoding="UTF-8"?>
<record
    xmlns:xsi="http://www.w3.org/2001/XMLSchema-instance"
    xsi:schemaLocation="http://www.loc.gov/MARC21/slim http://www.loc.gov/standards/marcxml/schema/MARC21slim.xsd"
    xmlns="http://www.loc.gov/MARC21/slim">

  <leader>01263nam a2200241 i 4500</leader>
  <controlfield tag="001">bg</controlfield>
  <datafield tag="100" ind1="1" ind2=" ">
    <subfield code="a">HEWITT, Nicola.</subfield>
  </datafield>
  <datafield tag="245" ind1="0" ind2="0">
    <subfield code="a">Podr&#x119;cznik ICLEI[International Council for Local Environmental Initiatives] w zakresie zarz&#x105;dzania &#x15B;rodowiskiem dla w&#x142;adz samorz&#x105;dowych &#x15A;rodkowej i Wschodniej Europy.</subfield>
    <subfield code="n">T.2,</subfield>
    <subfield code="p">Podr&#x119;cznik planowania dzia&#x142;a&#x144; na rzecz ochrony &#x15B;rodowiska : europejski podr&#x119;cznik planowania Lokalnej Agendy 21 /</subfield>
    <subfield code="c">Nicola Hewitt ; wsp&#xF3;&#x142;pr. Konrad Otto-Zimmerman ; [kier. projektu Konrad Otto-Zimmermann ; t&#x142;. z ang. Jaromir Adamczyk].</subfield>
  </datafield>
  <datafield tag="260" ind1=" " ind2=" ">
    <subfield code="a">Freiburg :</subfield>
    <subfield code="b">ICLEI European Secretariat,</subfield>
    <subfield code="c">1997.</subfield>
  </datafield>
  <datafield tag="300" ind1=" " ind2=" ">
    <subfield code="a">76 s. :</subfield>
    <subfield code="b">rys.;</subfield>
    <subfield code="c">30 cm.</subfield>
  </datafield>
  <datafield tag="500" ind1=" " ind2=" ">
    <subfield code="a">Zaw. tekst "Karty Eupropejskich Miast i Miasteczek d&#x105;&#x17C;&#x105;cych do zr&#xF3;wnowa&#x17C;onego trwa&#x142;ego rozwoju" (Karta Aalborska).</subfield>
  </datafield>
  <datafield tag="504" ind1=" " ind2=" ">
    <subfield code="a">Bibliogr. s. 51-52 i 76.</subfield>
  </datafield>
  <datafield tag="650" ind1=" " ind2="9">
    <subfield code="a">Zarz&#x105;dzanie</subfield>
    <subfield code="x">gospodarka</subfield>
    <subfield code="z">Europa &#x15A;rodkowo-Wschodnia</subfield>
  </datafield>
  <datafield tag="650" ind1=" " ind2="9">
    <subfield code="a">Samorz&#x105;d terytorialny</subfield>
    <subfield code="z">Europa &#x15A;rodkowo-Wschodnia</subfield>
  </datafield>
  <datafield tag="650" ind1=" " ind2="9">
    <subfield code="a">&#x15A;rodowisko cz&#x142;owieka</subfield>
    <subfield code="x">ochrona</subfield>
    <subfield code="z">Europa &#x15A;rodkowo-Wschodnia</subfield>
  </datafield>
  <datafield tag="655" ind1=" " ind2=" ">
    <subfield code="a">Podr&#x119;czniki</subfield>
  </datafield>
  <datafield tag="700" ind1="1" ind2=" ">
    <subfield code="a">OTTO-ZIMMERMAN, Konrad.</subfield>
  </datafield>
  <datafield tag="040" ind1=" " ind2=" ">
    <subfield code="c">BPK</subfield>
  </datafield>
  <datafield tag="041" ind1="1" ind2=" ">
    <subfield code="a">pl</subfield>
  </datafield>
  <datafield tag="080" ind1=" " ind2=" ">
    <subfield code="a">352/353:332.1:504.06](4-191.2-11)</subfield>
  </datafield>
  <datafield tag="942" ind1=" " ind2=" ">
    <subfield code="c">KS</subfield>
  </datafield>
  <controlfield tag="008">      s        pl     f     |000 0 pol  </controlfield>
  <datafield tag="999" ind1=" " ind2=" ">
    <subfield code="c">32888</subfield>
    <subfield code="d">32888</subfield>
  </datafield>
  <datafield tag="856" ind1=" " ind2=" ">
    <subfield code="u">http://koha.tu.koszalin.pl/cgi-bin/koha/opac-detail.pl?biblionumber=32888</subfield>
    <subfield code="y">Katalog online BPK</subfield>
  </datafield>
  <datafield tag="952" ind1=" " ind2=" ">
    <subfield code="0">0</subfield>
    <subfield code="1">0</subfield>
    <subfield code="4">0</subfield>
    <subfield code="7">0</subfield>
    <subfield code="a">BPK</subfield>
    <subfield code="b">BPK</subfield>
    <subfield code="c">w</subfield>
    <subfield code="o">42522</subfield>
    <subfield code="p">01316841</subfield>
    <subfield code="y">KS</subfield>
  </datafield>
</record>
